| 000 | 00923nam a22002417a 4500 | ||
|---|---|---|---|
| 005 | 20241023084053.0 | ||
| 008 | 241023b ||||| |||| 00| 0 eng d | ||
| 020 | _a9781782382508 hardback | ||
| 020 | _a9781782382515 ebook | ||
| 040 |
_aCO-BoUCM _cDavid Moreno _dDavid Moreno |
||
| 041 | _aeng | ||
| 100 | 1 |
_aStanziani, Alessandro _9183584 |
|
| 245 | 1 | 0 |
_aBondage _blabor and rights in Eurasia from the sixteenth to the early twentieth centuries _cAlessandro Stanziani |
| 250 | _a1a. Ed | ||
| 260 |
_aNew York, NY _bBerghahn Books _c2014 |
||
| 300 | _avii, 258 Paginas | ||
| 490 | _aInternational studies in social history ; volume 24 | ||
| 504 | _aIncluye referencias bibliográficas e índices | ||
| 650 | 1 | 4 |
_aTrabajo forzado _xHistoria _zEurasia _9183585 |
| 650 | 1 | 4 |
_aMano de obra _xHistoria _zEurasia _9183586 |
| 942 |
_2DEWEY _a7 _cLIBRO _e1 _h331.095 _mS792b _n0 |
||
| 999 |
_c324953 _d324953 |
||